000 00962nas a2200253 454500
001 13426
005 20260407193505.0
008 260407s1974####ag###########|||spa#d
003 AR-UNSa-BCEJYS
040 _aAR-UNSa-BCEJYS
_bspa
_cAR-UNSa-BCEJYS
080 _a347.7
_xDerecho Mercantil. Derecho Comercial
245 1 0 _aRevista del derecho comercial y de las obligaciones
022 _a0556-6428
264 1 _aBuenos Aires :
_bDepalma
_c1974
310 _aFrecuencia: Bimestral Colección cerrada Cambio de Director a partir del Año 8, Nº 46 por Carlos Juan Zavala Rodríguez Cambio de Director a partir del Año 13, Nº 73 por Héctor Cámara
041 _aspa
942 _cSER
590 _aniveau_biblio:s niveau_hierar:1
100 1 _aHalperin, Isaac
650 _aDerecho
650 _aLegislación
650 _aDERECHO COMERCIAL
856 4 1 _uhttps://biblioeco.unsa.edu.ar/webbibeco/images/bibeco/COMERCIAL.jpg
_yImagen de portada
_qimage/jpeg
999 _c8462
_d8462